000 02145nam a2200421 c 4500
003 BLK
005 20180422103811.0
008 180408b bul|||||r ||||||| ||bul||
010 _aKNG00083801000
020 _a978-954-740-034-4
_bиздат.: Лит. форум
040 _aBLK
041 _aBUL
_cBUL
080 _aБългарска литература
_b821.163.2
_x(092)(093.3)
_z821.163.2(092)(093.3)
080 _aБългарска литература
_b821.163.2
_x-32
_z821.163.2-32
080 _aПродан Петров Кючуков. Български писател и художник
_b929 Петров, Ивайло
_x
_z929 Петров, Ивайло
100 1 _aПетров, Ивайло
_eпърви автор
_gКючуков, Продан Петров
_9364118
700 1 _aГеоргиев, Марин
_eсъстав. и ред.
_gМаринов, Марин Георгиев
_9364932
700 1 _aПетров, Ивайло
_eрис.
_gКючуков, Продан Петров
_9364118
700 1 _aКючуков, Продан Петров
_e*
_9367441
139 _aПетров, Ивайло
_bП 47
245 1 0 _aПреди и след
_cИвайло Петров; състав. и ред. Марин Георгиев; рис. Ивайло Петров; * Продан Петров Кючуков.
257 _aBGR
260 София
_bЛит. форум
_c2008
_fСофия : ИПК Родина
300 _a352 с.
_bс ил.
_c22 см
380 _a82
490 1 _aБиблиотека Българска сбирка
_v47
500 _aИвайло Петров - псевдоним на Продан Петров Кючуков ; Пълното име на състав. е Марин Георгиев Маринов.
600 1 4 _aПетров, Ивайло
_9299124
650 4 _aПисатели, български - спомени
_9243093
653 _aмемоари
653 _aспомени
653 _aИвайло Петров
852 _aЦб 239985
856 4 _qpdf
_u
856 4 _qpdf
_u
942 _cKNG
_n0
944 _aCR
_c19.05.2008
_kМилена_Ачева
944 _aED
_c16.09.2016
_kЛюдмила_Стоянова
999 _c79327
_d79327